00881nac a22002171u 4500010001700000020001500017020001800032082001400050090001500064100003400079245016600113246004500279260004900324300003500373650002600408650005200434700002400486942001600510999001500526952012200541 a 2007271077 a0471710512 a9780471710516 a005bN229 c2000d2000 aNaveda, J. Fernando. 10aIEEE Computer Society real world software engineering problems :ba self-study guide for today's software professional /cJ. Fernando Naveda, Stephen B. Seidman.30aReal world software engineering problems aHoboken, NJ :bJohn Wiley & Sons,2006c2006. axiii, 310 p. :bill. ;c25 cm. 0aSoftware engineering. 0aSoftware engineeringvProblems, exercises, etc.1 aSeidman, Stephen B. cBBk005N229 c2000d2000 00104070aMAINbMAINcLOWd2007-02-07ePurchasel1o005 NAVp000002376r2025-07-15 00:00:00s2023-02-06v390.00yBB